| 000 | 00403nam a2200157Ia 4500 | ||
|---|---|---|---|
| 003 | GCL | ||
| 008 | 140319s9999 xx 000 0 eng d | ||
| 040 |
_aGCL / _cGCL |
||
| 082 | 0 | 4 |
_a684.12 _bG U |
| 100 | 1 | _aGHEEN, W. LLOYED | |
| 245 | 1 | 0 |
_aUPHOLSTERY TECHNIQUES ILLUSTRATED / _cGHEEN, W. LLOYED |
| 260 |
_a[S.N] : _bTAB BOOKS ، _c1994 |
||
| 300 | _a365 P | ||
| 650 | 0 | 4 | _aUPHOLSTERY |
| 942 |
_2ddc _cBK |
||
| 999 |
_c12058 _d12058 |
||